000 00415nam a2200157Ia 4500
008 210210b2000 xxu||||| |||| 00| 0 eng d
020 _a81 7036 901 0
082 _a302.23 GUNH
100 _aGUNARATNE (Shelton A), Ed.
245 _aHandbook of the media in Asia.
260 _aN D
_bSage Publications
_c2000
300 _ax,722
650 _aHandbook Media Mass Asia
690 _aJournalism
906 _a055930
999 _c103197
_d103197